| 000 | 00519nam a22001697a 4500 | ||
|---|---|---|---|
| 999 |
_c8606 _d8606 |
||
| 008 | 201208b ||||| |||| 00| 0 eng d | ||
| 040 | _aBMS College of Architecture | ||
| 100 | _aReddy, B Vamshidhar | ||
| 245 | _aTheosophical society Vijayawada | ||
| 300 | _a71p. | ||
| 500 | _a1BM12AT015 | ||
| 502 |
_8B,Arch _NBMS College Architecture, Visvesvaraya Technological University (VTU) _aProject report _d2016 |
||
| 650 | _aSociety | ||
| 700 |
_aRiju C Thomas _eGuide |
||
| 700 |
_aRadhika Kak _eGuide |
||
| 942 |
_2ddc _cTHE |
||